| 000 | 01514nam a2200325Ia 4500 | ||
|---|---|---|---|
| 999 |
_c5406 _d5406 |
||
| 003 | OSt | ||
| 005 | 20200521084900.0 | ||
| 008 | 191128s1977 ck gr 000 0dspa d | ||
| 020 | _a8437500001 | ||
| 040 |
_aCO-JMCR _cCO-JMCR |
||
| 041 | 1 |
_aspa _hVie |
|
| 082 | 0 | 4 |
_a330.09 / _bP667h _223 |
| 100 | 1 |
_aPirenne, Henri, _eautor _94604 |
|
| 245 | 1 | 0 |
_aHistoria económica y social de la edad media : _bcon un anexo bibliográfico y crítico / _cHenri Pirenne ; H. Van Werveke ; traducción de Salvador Echavarría ; traducción del anexo bibliográfico y crítico Martí Soler-Vinyes |
| 260 |
_aMéxico, Bogotá : _bFondo de Cultura Económica, _c1977 |
||
| 300 |
_a267 páginas ; _c20 cm. |
||
| 490 | 0 | _aSección de obras de economía | |
| 500 | _aIncluye índice analítico páginas 251-262 | ||
| 504 | _aBibliografía: páginas 189-249 | ||
| 505 | _aEl renacimiento del comercio -- Las villas -- La tierra y las clases rurales -- El movimiento comercial hasta fines del siglo xiii -- Importaciones y exportaciones hasta fines del siglo XIII -- La economía urbana y la reglamentación de la industria | ||
| 534 | _pHistorie economique et sociale du Moyen-Age | ||
| 546 | _aTraducido del francés | ||
| 650 | 1 | 4 |
_aHistoria económica _94605 |
| 650 | 2 | 4 |
_aMovimiento comercial _94606 |
| 650 | 2 | 4 |
_aEconomía urbana _94213 |
| 700 | 1 |
_aWerveke, H. Van, _ecrítico _94607 |
|
| 700 | 1 |
_aEchavarría, Salvador, _etraductor _94608 |
|
| 700 | 1 |
_aSoler-Vinyes, Martí, _etraductor _94609 |
|
| 942 |
_2ddc _cBK |
||